000 00900cab a2200265 4500
001 WB3008-54
008 090401t1994 xxu||||| |||| 00| 0 eng d
035 _a(Sirsi) u76314
041 _aeng
245 _aNo damages for breach of public law duty
260 _c1994
350 _a0
490 _aIndependent
_v22 February 1994, 12(1)
520 _a"R v Northavon DC, ex parte Palmer" QBD 15 February 1994. The duty of a housing authority to make enquiries on applications for accommodation in cases of homelessnes was a public law function and there was no cause of action in private law for individuals seeking damages.
650 _aAVON CC
650 _aBREACH OF DUTY
650 _aCOUNCIL HOUSING
650 _aDAMAGES
650 _aENQUIRIES
650 _aHOMELESSNESS
650 _aHOUSING ACT 1985 S62
690 _aHOUSING-CASE LAW
942 _n0
948 _c04/03/1997
999 _c48018
_d48018